000 00617nab a2200193 a 4500
005 20240830063742.0
008 991125s1985 mx 000 0 spa u
035 _aUPN01000152441
100 1 _aBALLENILLA GARCIA DE GAMARRA, Fernando
222 _aINVESTIGACION EN LA ESCUELA
245 _a¿Cómo crear en ña fase práctica del CAP un contexto de formación en un modelo didáctico alternativo?
260 _aSevilla, España
300 _a75-87
362 0 _a2000 No. 42
650 4 _aFORMACION DE MAESTROS
650 7 _aEducación secundaria
_2
_94281
650 4 _aPRACTICA DOCENTE
905 _aArticulo
999 _c124564
_d124564